| 000 | 00661nam a22001577a 4500 | ||
|---|---|---|---|
| 003 | OSt | ||
| 005 | 20150922143922.0 | ||
| 008 | 150922b xxu||||| |||| 00| 0 eng d | ||
| 040 | _cRUA | ||
| 082 | _aAGR KHO 2007 B035 Or.1 | ||
| 100 |
_91118 _aKHON THIRA |
||
| 245 | _aEffect of different organic fertilizer on lettuce in royal university of agriculture,(ឥទ្ធិពលនៃជីសរីរាង្គផ្សេងៗគ្នាលើដំណាំសាលាដ នៅសាកលវិទ្យាល័យភូមិន្ទកសិកម្ម) | ||
| 260 |
_aphnom penh _bRUA _c2007 |
||
| 300 |
_aXI,55P. _cILL. _g29CM. |
||
| 942 |
_2ddc _cAGR |
||
| 999 |
_c1070 _d1070 |
||